Human Evolution - Statistics

General Stats
  • This quiz has been taken 207 times
  • The average score is 4 of 5
Answer Stats
Hint Answer % Correct
350 000 - Present Homo Sapiens Sapiens
90%
2 M - 100 000 Homo Eractus
84%
250 000 - 40 000 Homo Sapiens Neanderthalensis
82%
2.3 M - 1.65 M Homo Habilis
58%
4.2 M - 1.9 M Australopithecus
42%
No matching quizzes found
Score Distribution
Percent of People with Each Score
Percentile by Number Answered
Your Score History
You have not taken this quiz